| 000 | 004980000a22001810004500 | ||
|---|---|---|---|
| 003 | MACL | ||
| 005 | 20160221152833.0 | ||
| 008 | 160221b xxu||||| |||| 00| 0 eng d | ||
| 040 |
_aMACL _cMACL |
||
| 041 | _aHindi | ||
| 082 | _a380 | ||
| 100 |
_aडॉ एस एम शुक्ल _939511 |
||
| 245 | _aअंकेक्षण | ||
| 260 |
_bनवयुग साहित्य सदन _c1985 _aआगरा |
||
| 350 | _a25 | ||
| 650 |
_aCommerce _939512 |
||
| 942 |
_cHIN _k380 _2ddc |
||
| 999 |
_c28472 _d28472 |
||